Statistics for Top 20 Words Starting With AB

Click here to take the quiz!

General Stats

  • This quiz has been taken 544 times
  • The average score is 8 of 20

Answer Stats

ranklettersword% Correct
15about
88%
24able
76%
45above
56%
156absent
49%
78absolute
46%
105abbey
43%
138abortion
42%
37ability
40%
87abandon
37%
205abbot
35%
65abuse
34%
186aboard
30%
147abolish
30%
96abroad
30%
128abstract
30%
57absence
27%
116absorb
23%
196absurd
23%
169abundance
16%
178abruptly
9%

Score Distribution

Percentile by Number Answered

Percent of People with Each Score

Your Score History

You have not taken this quiz